000 00419nam a2200145Ia 4500
008 151015s9999 xx 000 0 und d
020 _a9.7802055671e+012
050 _aPN 4129.15 .S36 2012
245 _aSchwarze,Steve
250 _a_Speaking in the public sphere Steve Schwarze
300 _aBoston Pearson 2012
500 _aincludes index.
650 _a_Public speaking
700 _a^d20130430 04:49:28^oanne
999 _c4056
_d4056